[Event "XVII Festival Conca della Presolana Magistrale"]
[Site "Bratto - Castione della Presolana ITA"]
[Date "1997.08.??"]
[Round "3"]
[White "Ceresoli, Luigi"]
[Black "Bresciani, Nicola"]
[Result "1-0"]
[WhiteElo "2053"]
[BlackElo "2325"]
[PlyCount "85"]
[EventDate "1997.08.21"]

1. e4 c5 2. c3 d5 3. exd5 Qxd5 4. d4 e6 5. Nf3 Nf6 6. Bd3 Nc6 7. O-O cxd4 8.
cxd4 Be7 9. Nc3 Qd6 10. Nb5 Qd8 11. Bf4 Nd5 12. Bg3 a6 13. Nc3 Ncb4 14. Bb1 O-O
15. Ne5 Nf6 16. Re1 Re8 17. Bh4 Nbd5 18. Nxd5 Qxd5 19. Bxf6 Bxf6 20. Bxh7+ Kf8
21. Be4 Qb5 22. Qh5 g6 23. Bxg6 fxg6 24. Qxg6 Bxe5 25. Rxe5 Qd7 26. Re3 Re7 27.
Qh6+ Kg8 28. Rc1 Rg7 29. Rh3 Qxd4 30. Qh8+ Kf7 31. Rg3 Bd7 32. Rf3+ Ke7 33.
Qxa8 Bc6 34. Qf8+ Kd7 35. Rf7+ Rxf7 36. Qxf7+ Kd6 37. Qf8+ Kd7 38. Qf7+ Kd6 39.
Re1 Qg4 40. f3 Qd4+ 41. Kh1 Bd5 42. Qf8+ Kd7 43. Rc1 1-0

[Event "XVII Festival Conca della Presolana Magistrale"]
[Site "Bratto - Castione della Presolana ITA"]
[Date "1997.08.??"]
[Round "3"]
[White "Di Fonzo, Valerio"]
[Black "Quagliarella, Sabino Remo"]
[Result "1-0"]
[WhiteElo "2225"]
[BlackElo "1892"]
[PlyCount "67"]
[EventDate "1997.08.21"]

1. e4 d6 2. d4 Nf6 3. Nc3 c6 4. f4 Qa5 5. Bd3 e5 6. Nf3 Bg4 7. Be3 exf4 8. Bxf4
Qb4 9. Qd2 Bxf3 10. gxf3 Qxd4 11. O-O-O Nbd7 12. Be3 Qb4 13. f4 Qa5 14. Rhe1
Be7 15. Qg2 b5 16. e5 dxe5 17. Qxc6 O-O 18. Qxb5 Bb4 19. Qxa5 Bxa5 20. Bb5 exf4
21. Bxf4 Nb6 22. Be5 Nbd5 23. Rg1 Bxc3 24. bxc3 a6 25. Bc6 Rad8 26. Bxd5 Rxd5
27. Bxf6 Rxd1+ 28. Kxd1 g6 29. h4 h5 30. Kd2 Rb8 31. Re1 Kf8 32. c4 Rb6 33.
Be7+ Kg7 34. c5 1-0

[Event "XVII Festival Conca della Presolana Magistrale"]
[Site "Bratto - Castione della Presolana ITA"]
[Date "1997.08.??"]
[Round "3"]
[White "Drazic, Sinisa"]
[Black "Mione, Dario"]
[Result "1/2-1/2"]
[WhiteElo "2445"]
[BlackElo "2295"]
[PlyCount "62"]
[EventDate "1997.08.21"]

1. Nf3 d5 2. c4 c6 3. e3 Nf6 4. Nc3 g6 5. cxd5 cxd5 6. Bb5+ Bd7 7. Qb3 e6 8.
Bxd7+ Qxd7 9. Ne5 Qc7 10. d4 Nbd7 11. Bd2 Be7 12. Rc1 Rc8 13. O-O Qb8 14. Qa4
Rd8 15. e4 O-O 16. Bf4 Bd6 17. Nxd7 Nxd7 18. e5 Be7 19. Qd1 f5 20. exf6 Bd6 21.
Bh6 Bxh2+ 22. Kh1 Rxf6 23. Bg5 Rf5 24. Bxd8 Rh5 25. Qxh5 gxh5 26. Bh4 Bf4 27.
Rce1 Nf8 28. Be7 Qc8 29. Bxf8 Kxf8 30. Re2 Qc4 31. Kg1 e5 1/2-1/2

[Event "XVII Festival Conca della Presolana Magistrale"]
[Site "Bratto - Castione della Presolana ITA"]
[Date "1997.08.??"]
[Round "3"]
[White "Genocchio, Daniele"]
[Black "Carparelli, Luciano"]
[Result "1-0"]
[WhiteElo "2215"]
[BlackElo "1900"]
[PlyCount "85"]
[EventDate "1997.08.21"]

1. e4 c5 2. Nc3 Nc6 3. Nge2 e6 4. g3 d6 5. Bg2 Nf6 6. d4 cxd4 7. Nxd4 Bd7 8.
O-O Be7 9. Nce2 O-O 10. c4 a6 11. a4 Rc8 12. b3 Qc7 13. h3 Rfd8 14. Be3 Be8 15.
Nc3 Nb4 16. Rc1 Qb8 17. Qe2 Bf8 18. Rfd1 d5 19. exd5 exd5 20. Bf4 Qa8 21. Bg5
Rd6 22. Bxf6 Rxf6 23. cxd5 Rd6 24. Nf5 Rd7 25. Rd4 g6 26. Ne3 a5 27. Rc4 Bg7
28. Ne4 Rcd8 29. Nc5 Rd6 30. Ne4 R6d7 31. Nc5 Rd6 32. Rd1 b5 33. Re4 bxa4 34.
bxa4 Kf8 35. Rc4 Kg8 36. Ne4 R6d7 37. d6 Qa7 38. Ng4 Kh8 39. Nef6 h5 40. Nxd7
hxg4 41. Rc7 Qa6 42. Qe7 Ra8 43. Nc5 1-0

[Event "XVII Festival Conca della Presolana Magistrale"]
[Site "Bratto - Castione della Presolana ITA"]
[Date "1997.08.??"]
[Round "3"]
[White "Klinova, Masha"]
[Black "Grosar, Aljosa"]
[Result "1/2-1/2"]
[WhiteElo "2330"]
[BlackElo "2455"]
[PlyCount "99"]
[EventDate "1997.08.21"]

1. e4 c5 2. Nf3 d6 3. Bb5+ Nd7 4. O-O Ngf6 5. Re1 a6 6. Bf1 Ne5 7. c3 Bg4 8.
Be2 Qb6 9. Na3 e6 10. Qa4+ Nc6 11. e5 Bxf3 12. Bxf3 Nd7 13. exd6 Bxd6 14. Nc4
Qc7 15. Nxd6+ Qxd6 16. Bxc6 Qxc6 17. Qxc6 bxc6 18. d3 Rd8 19. Bf4 Nf6 20. Be3
Rxd3 21. Bxc5 Kd7 22. Rad1 Rxd1 23. Rxd1+ Kc8 24. Kf1 Rd8 25. Rxd8+ Kxd8 26.
Bd4 Ne8 27. Ke2 f6 28. Kd3 Kd7 29. a4 Nd6 30. Bc5 Nb7 31. Bf8 g6 32. b4 e5 33.
Bh6 Nd8 34. Be3 Ne6 35. c4 f5 36. f3 Kd6 37. b5 axb5 38. cxb5 cxb5 39. axb5 Kd5
40. b6 Nd8 41. Kc3 Nb7 42. Kb4 Kc6 43. Bf2 Nd6 44. Ka5 e4 45. Ka6 Nb7 46. Be3
Nd6 47. Bf4 Nb7 48. Be3 Nd6 49. Bf4 Nb7 50. Be3 1/2-1/2

[Event "XVII Festival Conca della Presolana Magistrale"]
[Site "Bratto - Castione della Presolana ITA"]
[Date "1997.08.??"]
[Round "3"]
[White "Lagrotteria, Salvatore"]
[Black "Vita, Fabrizio"]
[Result "1-0"]
[WhiteElo "2225"]
[BlackElo "2013"]
[PlyCount "53"]
[EventDate "1997.08.21"]

1. Nf3 c5 2. c4 Nc6 3. Nc3 Nf6 4. g3 d5 5. cxd5 Nxd5 6. Bg2 g6 7. O-O Bg7 8.
Qa4 O-O 9. Qc4 Nxc3 10. dxc3 Qb6 11. Ng5 Ne5 12. Qb3 Qc7 13. Bf4 Rb8 14. Ne4
Bg4 15. Rae1 Qa5 16. Bxe5 Bxe5 17. Qd5 Bd6 18. b4 Qb5 19. bxc5 Bc7 20. Qg5 Bxe2
21. Rxe2 Qxe2 22. Qxe7 Qxa2 23. Qxc7 a5 24. Nf6+ Kh8 25. Qe5 a4 26. Ne8+ f6 27.
Qxb8 1-0

[Event "XVII Festival Conca della Presolana Magistrale"]
[Site "Bratto - Castione della Presolana ITA"]
[Date "1997.08.??"]
[Round "3"]
[White "Lanzani, Mario"]
[Black "Efimov, Igor"]
[Result "1-0"]
[WhiteElo "2360"]
[BlackElo "2540"]
[PlyCount "119"]
[EventDate "1997.08.21"]

1. e4 c5 2. Nf3 d6 3. d4 cxd4 4. Nxd4 Nf6 5. Nc3 Bd7 6. Be2 e5 7. Nf5 Bxf5 8.
exf5 d5 9. Bg5 Bb4 10. O-O Bxc3 11. bxc3 Nbd7 12. c4 d4 13. f4 O-O 14. Kh1 Qc7
15. fxe5 Qxe5 16. Bf3 Nc5 17. Bxf6 Qxf6 18. Bd5 Rae8 19. Qg4 Re3 20. Qf4 Rfe8
21. Qc7 d3 22. cxd3 Nxd3 23. Rad1 R3e7 24. Qg3 Nc5 25. Rfe1 h6 26. h3 b6 27.
Rxe7 Rxe7 28. Re1 Rxe1+ 29. Qxe1 Kf8 30. Qg3 Qd8 31. f6 gxf6 32. Qf4 Kg7 33.
Qg4+ Kf8 34. Qh5 Qe7 35. Qxh6+ Ke8 36. Qh8+ Kd7 37. Qb8 Qe1+ 38. Kh2 Qe5+ 39.
Qxe5 fxe5 40. Bxf7 Ne4 41. h4 Ke7 42. Bg6 Nd6 43. Bd3 e4 44. Bc2 Kf6 45. g4 Ke5
46. Kg3 Nxc4 47. h5 Nd6 48. Bb3 b5 49. h6 Kf6 50. Kf4 a5 51. Bd5 Kg6 52. g5 e3
53. Kxe3 b4 54. Bb3 Nf5+ 55. Ke4 a4 56. Bxa4 Kxg5 57. h7 Nd6+ 58. Kd5 Nf7 59.
Kc5 Kh6 60. Be8 1-0

[Event "XVII Festival Conca della Presolana Magistrale"]
[Site "Bratto - Castione della Presolana ITA"]
[Date "1997.08.??"]
[Round "3"]
[White "Lapiccirella, Mattia"]
[Black "Mariano, Elia"]
[Result "1/2-1/2"]
[WhiteElo "1930"]
[BlackElo "2145"]
[PlyCount "34"]
[EventDate "1997.08.21"]

1. d4 d5 2. Nf3 Nf6 3. c4 e6 4. Bg5 Nbd7 5. Nc3 Be7 6. e3 O-O 7. Qc2 c6 8. Rd1
Re8 9. a3 h6 10. Bh4 a6 11. cxd5 exd5 12. Bd3 Ne4 13. Bxe7 Qxe7 14. O-O Nf8 15.
Ne5 f6 16. Nf3 Bg4 17. Rde1 Bf5 1/2-1/2

[Event "XVII Festival Conca della Presolana Magistrale"]
[Site "Bratto - Castione della Presolana ITA"]
[Date "1997.08.??"]
[Round "3"]
[White "Marchini, Massimo"]
[Black "Sgorlon, Felice"]
[Result "1-0"]
[WhiteElo "2150"]
[BlackElo "2031"]
[PlyCount "81"]
[EventDate "1997.08.21"]

1. Nf3 d5 2. d4 Nf6 3. c4 e6 4. g3 c6 5. Bg2 Be7 6. O-O O-O 7. b3 b6 8. Bb2 Bb7
9. Ne5 Na6 10. Nc3 Nc7 11. Rc1 Rc8 12. Qc2 Nd7 13. Rfd1 f6 14. Nxd7 Qxd7 15. e4
f5 16. exf5 Rxf5 17. f4 g5 18. Ne2 gxf4 19. gxf4 Bd6 20. Rd3 Bxf4 21. Rf1 Bd6
22. Rxf5 exf5 23. Rf3 Rf8 24. c5 Be7 25. Bh3 Bc8 26. Ng3 Kh8 27. Rxf5 Rxf5 28.
Bxf5 Ne6 29. Qe2 Bf6 30. cxb6 axb6 31. Nh5 Bg7 32. Qg4 Qf7 33. Nxg7 Qxg7 34.
Kg2 Qxg4+ 35. Bxg4 Kg7 36. Bf5 Bd7 37. Ba3 h6 38. Be7 Kf7 39. Bd6 Be8 40. Be5
Nd8 41. Bc7 1-0

[Event "XVII Festival Conca della Presolana Magistrale"]
[Site "Bratto - Castione della Presolana ITA"]
[Date "1997.08.??"]
[Round "3"]
[White "Menoni, Vincenzo"]
[Black "Castaldo, Folco"]
[Result "1-0"]
[WhiteElo "2270"]
[BlackElo "2170"]
[PlyCount "77"]
[EventDate "1997.08.21"]

1. e4 g6 2. d4 Bg7 3. Nc3 c6 4. Bc4 d5 5. exd5 b5 6. Bb3 b4 7. Nce2 cxd5 8. Bd2
a5 9. a3 bxa3 10. Rxa3 Nf6 11. Qa1 Nc6 12. Ba4 Bd7 13. Bxc6 Bxc6 14. Bxa5 Qc8
15. Nf3 Bb5 16. Qd1 O-O 17. O-O Ne4 18. Re1 Qf5 19. Bb4 Rxa3 20. Bxa3 Re8 21.
Ng3 Nxg3 22. hxg3 e6 23. Qd2 Rc8 24. Qa5 Be8 25. c3 Qd3 26. Qb6 Qb5 27. Rxe6
Rb8 28. Qxb5 Bxb5 29. Rd6 Bc4 30. Rd7 f6 31. g4 Bh6 32. Be7 Rxb2 33. Bxf6 Rb8
34. g5 Bf8 35. Ne5 Ba2 36. Ng4 Bc4 37. Be5 Rb1+ 38. Kh2 Rf1 39. Nf6+ 1-0

[Event "XVII Festival Conca della Presolana Magistrale"]
[Site "Bratto - Castione della Presolana ITA"]
[Date "1997.08.??"]
[Round "3"]
[White "Milocco, Franco"]
[Black "Lantini, Marco"]
[Result "1-0"]
[WhiteElo "2365"]
[BlackElo "2190"]
[PlyCount "67"]
[EventDate "1997.08.21"]

1. c4 Nf6 2. Nc3 e5 3. Nf3 Nc6 4. g3 d5 5. cxd5 Nxd5 6. Bg2 Nb6 7. O-O Be7 8.
Rb1 a5 9. a3 a4 10. d3 Bf6 11. Ne4 O-O 12. Nxf6+ Qxf6 13. Bg5 Qd6 14. Nd2 f5
15. Be3 Nd5 16. Nc4 Nxe3 17. Nxe3 Be6 18. Rc1 Bb3 19. Qe1 Rab8 20. Nc4 Qf6 21.
Bxc6 bxc6 22. Qc3 e4 23. Ne5 Be6 24. d4 c5 25. Qxc5 Rxb2 26. Qxc7 Rxe2 27. Rc6
e3 28. f3 Qh6 29. h4 Rd2 30. Re1 Rxd4 31. Qe7 e2 32. Qxe6+ Qxe6 33. Rxe6 f4 34.
g4 1-0

[Event "XVII Festival Conca della Presolana Magistrale"]
[Site "Bratto - Castione della Presolana ITA"]
[Date "1997.08.??"]
[Round "3"]
[White "Oppici, Gabriele"]
[Black "Pantaleoni, Claudio"]
[Result "1/2-1/2"]
[WhiteElo "2095"]
[BlackElo "2235"]
[PlyCount "54"]
[EventDate "1997.08.21"]

1. Nc3 Nf6 2. e4 e5 3. Nf3 Nc6 4. d4 exd4 5. Nxd4 Bb4 6. Nxc6 bxc6 7. Bd3 d5 8.
exd5 cxd5 9. O-O O-O 10. Bg5 c6 11. Ne2 Be6 12. Nd4 Rc8 13. c3 Be7 14. Nxe6
fxe6 15. Qe2 Qd7 16. Rae1 Bc5 17. Qxe6+ Qxe6 18. Rxe6 Ng4 19. Bh4 Bb6 20. h3
Nh6 21. Bg5 Nf5 22. Bxf5 Rxf5 23. Be3 Kf7 24. g4 Kxe6 25. gxf5+ Kxf5 26. Bxb6
axb6 27. Re1 Ra8 1/2-1/2

[Event "XVII Festival Conca della Presolana Magistrale"]
[Site "Bratto - Castione della Presolana ITA"]
[Date "1997.08.??"]
[Round "3"]
[White "Pagnoncelli, Marco"]
[Black "Mascheroni, Maurizio"]
[Result "0-1"]
[WhiteElo "2090"]
[BlackElo "1944"]
[PlyCount "80"]
[EventDate "1997.08.21"]

1. e4 d6 2. d4 Nf6 3. Nc3 g6 4. f3 c6 5. Be3 Bg7 6. Qd2 Nbd7 7. Nge2 Qa5 8. g3
b5 9. Bg2 Nb6 10. b3 b4 11. Nd1 c5 12. c4 bxc3 13. Ndxc3 cxd4 14. Nxd4 Bb7 15.
O-O O-O 16. Rac1 Nfd7 17. Rc2 Kh8 18. f4 Rab8 19. Rfc1 Rfc8 20. h3 Nf6 21. Kh2
e5 22. Ndb5 Ne8 23. Nxd6 Nxd6 24. Qxd6 exf4 25. gxf4 Re8 26. e5 Bxg2 27. Kxg2
Rbd8 28. Qc5 Qa6 29. Kf2 Nd7 30. Qb5 Qe6 31. Qf1 Qf5 32. Kg3 g5 33. Rf2 Nxe5
34. Kh2 Nd3 35. Rf3 Nxc1 36. fxg5 Qc2+ 37. Kh1 Qxc3 38. Bxc1 Re1 39. Rxc3 Rxf1+
40. Kg2 Bxc3 0-1

[Event "XVII Festival Conca della Presolana Magistrale"]
[Site "Bratto - Castione della Presolana ITA"]
[Date "1997.08.??"]
[Round "3"]
[White "Pegoraro, Nicola"]
[Black "Rosino, Antonio"]
[Result "0-1"]
[WhiteElo "2115"]
[BlackElo "2265"]
[PlyCount "74"]
[EventDate "1997.08.21"]

1. e4 e5 2. Nf3 Nc6 3. d4 exd4 4. Bc4 Bc5 5. c3 Nf6 6. cxd4 Bb4+ 7. Bd2 Bxd2+
8. Nbxd2 d5 9. exd5 Nxd5 10. O-O O-O 11. Rc1 Bg4 12. h3 Bh5 13. Bxd5 Qxd5 14.
Rc5 Bxf3 15. Rxd5 Bxd1 16. Rxd1 Rad8 17. Rxd8 Rxd8 18. Nf3 f6 19. Kf1 Kf7 20.
Ke2 Nb4 21. Ne1 Rd6 22. a3 Nd5 23. Nd3 Rc6 24. Rc1 Nf4+ 25. Kd2 Rxc1 26. Nxc1
Nxg2 27. Nd3 Ke7 28. Kc3 Nh4 29. b4 Nf3 30. Nc5 b6 31. Nd3 g5 32. Kc4 Kd6 33.
b5 Ng1 34. Nb4 Nxh3 35. Nd5 f5 36. Nf6 Nxf2 37. Nxh7 g4 0-1

[Event "XVII Festival Conca della Presolana Magistrale"]
[Site "Bratto - Castione della Presolana ITA"]
[Date "1997.08.??"]
[Round "3"]
[White "Profumo, Alberto"]
[Black "Lovati, Paolo"]
[Result "1-0"]
[WhiteElo "2250"]
[BlackElo "2135"]
[PlyCount "109"]
[EventDate "1997.08.21"]

1. Nf3 d5 2. g3 c6 3. Bg2 Nf6 4. O-O Bf5 5. b3 h6 6. Bb2 e6 7. d3 a5 8. Nbd2
Be7 9. e4 Bh7 10. Qe2 O-O 11. a3 Na6 12. Ne5 Nc7 13. Rad1 Nd7 14. Nxd7 Qxd7 15.
Qg4 Ne8 16. c4 dxe4 17. dxe4 Nf6 18. Qe2 Qc7 19. e5 Nd7 20. Be4 Nc5 21. Bxh7+
Kxh7 22. Qe3 Rfd8 23. Bd4 Nd7 24. c5 Nf8 25. Nc4 Kg8 26. Nd6 Bxd6 27. cxd6 Qd7
28. Bb6 Re8 29. Qd4 Ra6 30. a4 Ng6 31. f4 Rc8 32. Rc1 Nf8 33. Rfd1 c5 34. Rxc5
Rc6 35. Rxc6 Qxc6 36. Bc5 Nd7 37. Rc1 Qf3 38. Qe3 Qd5 39. Bd4 Rc6 40. Rxc6 bxc6
41. Qc3 g5 42. Qc4 Qf3 43. Bf2 Qd1+ 44. Kg2 gxf4 45. gxf4 c5 46. h3 Qb1 47.
Bxc5 Nxc5 48. Qxc5 Qe4+ 49. Kg3 h5 50. Qf2 f6 51. Qd2 Qg6+ 52. Kh2 Qe8 53. d7
Qd8 54. Qd6 Kf7 55. f5 1-0

[Event "XVII Festival Conca della Presolana Magistrale"]
[Site "Bratto - Castione della Presolana ITA"]
[Date "1997.08.??"]
[Round "3"]
[White "Samaritani, Fabio"]
[Black "Mauro, Alan"]
[Result "1/2-1/2"]
[WhiteElo "2180"]
[BlackElo "2275"]
[PlyCount "56"]
[EventDate "1997.08.21"]

1. e4 c5 2. Nf3 Nc6 3. d4 cxd4 4. Nxd4 g6 5. Nc3 Bg7 6. Be3 d6 7. Qd2 Nf6 8. f3
O-O 9. Bc4 a5 10. Bb3 Ne5 11. a4 Bd7 12. h4 Qc8 13. Bh6 Nc4 14. Bxc4 Bxh6 15.
Qxh6 Qxc4 16. O-O-O Bxa4 17. h5 Bc6 18. g4 Kh8 19. hxg6 fxg6 20. Qxg6 Qf7 21.
Qxf7 Rxf7 22. g5 Nd7 23. g6 Rg7 24. gxh7 Rf7 25. Rh3 Ne5 26. Rf1 Raf8 27. Nd5
Bxd5 28. exd5 Rxh7 1/2-1/2

[Event "XVII Festival Conca della Presolana Magistrale"]
[Site "Bratto - Castione della Presolana ITA"]
[Date "1997.08.??"]
[Round "3"]
[White "Sbarra, Marco"]
[Black "Godena, Michele"]
[Result "0-1"]
[WhiteElo "2280"]
[BlackElo "2515"]
[PlyCount "58"]
[EventDate "1997.08.21"]

1. d4 d5 2. c4 e6 3. Nc3 Bb4 4. Nf3 Ne7 5. e3 c5 6. a3 Bxc3+ 7. bxc3 Qc7 8.
cxd5 Nxd5 9. e4 Nf6 10. Bd3 cxd4 11. Qa4+ Bd7 12. Qxd4 Nc6 13. Qe3 Ne5 14. Bd2
Nxd3+ 15. Qxd3 Bc6 16. Nd4 Nxe4 17. Be3 O-O 18. Nxc6 Qxc6 19. O-O Rfd8 20. Qc2
Nxc3 21. Rfc1 Rac8 22. Qb2 a6 23. a4 Nxa4 24. Qb3 Nc3 25. Kh1 b5 26. h3 Qc4 27.
Qxc4 Rxc4 28. Rxa6 Nd5 29. Rd1 Rb8 0-1

[Event "XVII Festival Conca della Presolana Magistrale"]
[Site "Bratto - Castione della Presolana ITA"]
[Date "1997.08.??"]
[Round "3"]
[White "Scagliarini, Bruno"]
[Black "Volpinari, Danilo"]
[Result "1-0"]
[WhiteElo "1974"]
[BlackElo "2200"]
[PlyCount "64"]
[EventDate "1997.08.21"]

1. c4 e5 2. g3 Nc6 3. Bg2 d6 4. Nc3 g6 5. e3 Bg7 6. Nge2 Nge7 7. d3 Be6 8. Rb1
Qd7 9. Nd5 O-O 10. O-O Nd8 11. Nxe7+ Qxe7 12. h3 f5 13. b4 c6 14. Nc3 e4 15.
Bb2 exd3 16. Qxd3 Nf7 17. f4 Rac8 18. Rfe1 Rfd8 19. e4 Qc7 20. Ne2 fxe4 21.
Bxe4 d5 22. Bxg6 Nd6 23. Bxh7+ Kh8 24. Nd4 Bxh3 25. Qg6 Ne4 26. Qh5 Rd6 27.
Bxe4+ Rh6 28. Qxh6+ Bxh6 29. Ne6+ Kg8 30. Nxc7 Rxc7 31. cxd5 cxd5 32. Bxd5+ Kf8
1-0

[Event "XVII Festival Conca della Presolana Magistrale"]
[Site "Bratto - Castione della Presolana ITA"]
[Date "1997.08.??"]
[Round "3"]
[White "Temi, Walter"]
[Black "Didoni, Renato"]
[Result "1-0"]
[WhiteElo "2110"]
[BlackElo "1984"]
[PlyCount "49"]
[EventDate "1997.08.21"]

1. e4 d6 2. d4 Nf6 3. Nc3 Nc6 4. Bg5 e5 5. dxe5 Nxe5 6. f4 Bg4 7. Be2 Bxe2 8.
Qxe2 c6 9. fxe5 dxe5 10. Nf3 Qc7 11. O-O Be7 12. Kh1 h6 13. Bxf6 Bxf6 14. Rad1
Qe7 15. Rd3 h5 16. Nd1 h4 17. h3 Rd8 18. Ne3 g6 19. Rxd8+ Kxd8 20. Qc4 Ke8 21.
Qc3 Qe6 22. Ng4 Rh7 23. Nxf6+ Qxf6 24. Rd1 Rh8 25. Nxe5 1-0

[Event "XVII Festival Conca della Presolana Magistrale"]
[Site "Bratto - Castione della Presolana ITA"]
[Date "1997.08.??"]
[Round "3"]
[White "Zelcic, Robert"]
[Black "Everet, Alexandro"]
[Result "1-0"]
[WhiteElo "2530"]
[BlackElo "2225"]
[PlyCount "61"]
[EventDate "1997.08.21"]

1. e4 e5 2. Nf3 d6 3. d4 Bg4 4. dxe5 Bxf3 5. Qxf3 dxe5 6. Bc4 Qd7 7. O-O Nc6 8.
Qb3 O-O-O 9. Bb5 f6 10. Be3 a6 11. Bxc6 Qxc6 12. Nc3 Bd6 13. Nd5 Ne7 14. c4 Bc5
15. Qc3 Rhe8 16. Bxc5 Qxc5 17. b4 Qd4 18. Qh3+ Kb8 19. Rfe1 c6 20. Ne3 Qxe4 21.
a4 Ng6 22. g3 Qf3 23. b5 cxb5 24. cxb5 axb5 25. axb5 Rd2 26. Qf1 Rc8 27. Ra3
Rc5 28. Rea1 Qe2 29. b6 Kc8 30. Qxe2 Rxe2 31. Rd1 1-0

[Event "XVII Festival Conca della Presolana Magistrale"]
[Site "Bratto - Castione della Presolana ITA"]
[Date "1997.08.??"]
[Round "3"]
[White "Zoldan, Matteo"]
[Black "Alberton, Roberto"]
[Result "1/2-1/2"]
[WhiteElo "2100"]
[BlackElo "2190"]
[PlyCount "25"]
[EventDate "1997.08.21"]

1. e4 g6 2. c4 Bg7 3. Nc3 c5 4. g3 Nc6 5. Bg2 d6 6. Nge2 Nf6 7. d3 O-O 8. O-O
Rb8 9. h3 a6 10. a4 Ne8 11. Be3 e5 12. f4 f6 13. Rb1 1/2-1/2

[Event "XVII Festival Conca della Presolana Magistrale"]
[Site "Bratto - Castione della Presolana ITA"]
[Date "1997.08.??"]
[Round "4"]
[White "Alberton, Roberto"]
[Black "Pagnoncelli, Marco"]
[Result "0-1"]
[WhiteElo "2190"]
[BlackElo "2090"]
[PlyCount "77"]
[EventDate "1997.08.21"]

1. e4 c5 2. Nf3 d6 3. c3 Nf6 4. h3 Nc6 5. Bd3 g6 6. O-O Bg7 7. Bc2 e5 8. d4 O-O
9. dxe5 dxe5 10. Be3 Qe7 11. Qc1 b6 12. Re1 Bb7 13. Nbd2 Nh5 14. Nf1 Qc7 15.
Bb3 Nf4 16. Bxf4 exf4 17. Bd5 Rad8 18. Qc2 h6 19. Rad1 Bc8 20. N1h2 Ne5 21.
Nxe5 Bxe5 22. Nf3 g5 23. Qb3 Kg7 24. Rd2 f6 25. Red1 Rd6 26. c4 Rfd8 27. Qc2
Rh8 28. b3 h5 29. Nxe5 fxe5 30. f3 Kf6 31. Qc3 Rh7 32. Ba8 Rxd2 33. Rxd2 Rg7
34. Bd5 g4 35. hxg4 hxg4 36. fxg4 Rxg4 37. Qh3 Qg7 38. Bc6 Ke7 39. Qd3 0-1

[Event "XVII Festival Conca della Presolana Magistrale"]
[Site "Bratto - Castione della Presolana ITA"]
[Date "1997.08.??"]
[Round "4"]
[White "Belotti, Bruno"]
[Black "Lagrotteria, Salvatore"]
[Result "1-0"]
[WhiteElo "2410"]
[BlackElo "2225"]
[PlyCount "67"]
[EventDate "1997.08.21"]

1. e4 c5 2. Nf3 Nc6 3. d4 cxd4 4. Nxd4 Nf6 5. Nc3 d6 6. Bc4 Qb6 7. Nxc6 bxc6 8.
O-O e5 9. Bg5 Bg4 10. Qd2 Rd8 11. Bxf6 gxf6 12. Bb3 h5 13. Qd3 Bh6 14. h3 Bc8
15. Rad1 Ke7 16. Kh1 h4 17. Ne2 Rhg8 18. f4 Qc5 19. Qf3 exf4 20. Nxf4 Bxf4 21.
Qxf4 Qg5 22. Qf2 Ba6 23. Rg1 Rd7 24. e5 d5 25. Qc5+ Kd8 26. Qa5+ Rc7 27. Qxa6
fxe5 28. Bxd5 cxd5 29. Rxd5+ Rd7 30. Qa5+ Kc8 31. Rxe5 Qd2 32. Qa6+ Kb8 33.
Rb5+ Ka8 34. Qc6+ 1-0

[Event "XVII Festival Conca della Presolana Magistrale"]
[Site "Bratto - Castione della Presolana ITA"]
[Date "1997.08.??"]
[Round "4"]
[White "Bresciani, Nicola"]
[Black "Agnelli, Francesco"]
[Result "1-0"]
[WhiteElo "2325"]
[BlackElo "2085"]
[PlyCount "101"]
[EventDate "1997.08.21"]

1. e4 c5 2. Nf3 Nc6 3. d4 cxd4 4. Nxd4 Nf6 5. Nc3 e5 6. Ndb5 d6 7. Bg5 a6 8.
Na3 Be6 9. Nc4 Rc8 10. Bxf6 gxf6 11. Bd3 Ne7 12. Ne3 Bh6 13. O-O Rg8 14. Qf3
Rg6 15. Ncd5 Nc6 16. c3 Kf8 17. Qh5 Kg8 18. Nf5 Bf8 19. h4 Kh8 20. Rad1 Ne7 21.
Qf3 Rc5 22. b4 Rc6 23. c4 Bxf5 24. exf5 Rh6 25. Nxe7 Qxe7 26. h5 d5 27. cxd5
Rc3 28. Rc1 Qxb4 29. Rxc3 Qxc3 30. g4 Kg7 31. Be4 Qa5 32. Qb3 b6 33. Rd1 Qc5
34. Qd3 Bd6 35. Qxa6 Qb4 36. Qd3 Qc5 37. Kg2 Kf8 38. Kf3 Kg7 39. Qc2 Qa3+ 40.
Rd3 Qb4 41. Qe2 Bc5 42. Rb3 Qa5 43. Kg2 Qa4 44. Kh3 Qd7 45. Kg2 Qa4 46. Kh3 Qd7
47. Qb5 Qa7 48. a4 Kf8 49. f3 Kg7 50. Kg2 Kf8 51. a5 1-0

[Event "XVII Festival Conca della Presolana Magistrale"]
[Site "Bratto - Castione della Presolana ITA"]
[Date "1997.08.??"]
[Round "4"]
[White "Capece, Adolivio"]
[Black "Barbieri, Giovanni"]
[Result "1/2-1/2"]
[WhiteElo "1953"]
[BlackElo "2115"]
[PlyCount "125"]
[EventDate "1997.08.21"]

1. c4 e5 2. Nc3 Nf6 3. g3 c6 4. d4 exd4 5. Qxd4 Be7 6. Bg2 O-O 7. Bf4 Qb6 8.
Qxb6 axb6 9. e4 d6 10. Nge2 Be6 11. b3 Nbd7 12. O-O Rfd8 13. Nd4 Nc5 14. Nxe6
fxe6 15. Rfd1 e5 16. Be3 Ra6 17. Bxc5 bxc5 18. Rd2 Rb8 19. Bf1 Ne8 20. Rad1
Raa8 21. a4 Nc7 22. Bh3 Kf7 23. Rd3 Rd8 24. Rf3+ Bf6 25. Rfd3 Ke7 26. R1d2 Bg5
27. Re2 Rf8 28. Bg4 g6 29. h4 h5 30. Bh3 Bh6 31. Kg2 Rad8 32. Rf3 Rxf3 33. Kxf3
Bg7 34. Kg2 Na6 35. g4 hxg4 36. Bxg4 Nb4 37. h5 Nd3 38. Kg3 Nf4 39. Re1 gxh5
40. Bf3 Bf6 41. Nd1 h4+ 42. Kh2 Rg8 43. Ne3 Ne6 44. Rg1 Rxg1 45. Kxg1 Bg5 46.
Nf5+ Kd7 47. Bg4 Kc7 48. Nxh4 Nd4 49. Nf3 Bf4 50. Nxd4 cxd4 51. Kf1 d3 52. Ke1
Kb8 53. Bh3 Ka7 54. Bf1 d2+ 55. Kd1 Kb6 56. Kc2 Kc5 57. Be2 Kd4 58. Bf3 b6 59.
Bg2 d1=Q+ 60. Kxd1 Kc3 61. Bh3 Kxb3 62. Bd7 Kxa4 63. Bxc6+ 1/2-1/2

[Event "XVII Festival Conca della Presolana Magistrale"]
[Site "Bratto - Castione della Presolana ITA"]
[Date "1997.08.??"]
[Round "4"]
[White "Carparelli, Luciano"]
[Black "Temi, Walter"]
[Result "1/2-1/2"]
[WhiteElo "1900"]
[BlackElo "2110"]
[PlyCount "66"]
[EventDate "1997.08.21"]

1. e4 b6 2. d4 e6 3. Bd3 Bb7 4. Nf3 c5 5. O-O cxd4 6. Nxd4 Nc6 7. Nxc6 dxc6 8.
Qe2 Qc7 9. Nc3 Nf6 10. Bg5 Bd6 11. h3 Nd7 12. Rad1 h6 13. Be3 Nc5 14. Bxc5 Bxc5
15. Ba6 Bxa6 16. Qxa6 O-O 17. Qe2 b5 18. Rd3 Rad8 19. Rfd1 Bb6 20. g3 Rxd3 21.
Rxd3 Rd8 22. Qd1 Kf8 23. Rxd8+ Qxd8 24. Qxd8+ Bxd8 25. f4 e5 26. Kf2 Bf6 27.
Nd1 Ke7 28. Ke3 Kd6 29. Kd3 Kc5 30. c3 h5 31. Ne3 g6 32. f5 Bg5 33. b4+ Kd6
1/2-1/2